Business policy text and cases

Uložené v:
Podrobná bibliografia
Hlavný autor: Bower, Joseph L.
Médium: Kniha
Jazyk:English
Vydavateľské údaje: Homewood IRWIN 1991
Vydanie:7. ed.
Predmet:
Tagy: Pridať tag
Žiadne tagy, Buďte prvý, kto otaguje tento záznam!

MARC

LEADER 00000nam a2200000 4500
001 c110653
005 20221123102120.3
020 |a 0-256-08602-8 
041 0 |a eng 
044 |a US 
245 1 0 |a Business policy  |b text and cases  |c Joseph L. Bower ... [et al.] 
250 |a 7. ed. 
264 1 |a Homewood  |b IRWIN  |c 1991 
300 |a 796 s. 
610 2 0 |a obchod 
610 2 0 |a politika obchodná 
610 2 0 |a pracovníci riadiaci 
610 2 0 |a organizácia 
610 2 0 |a stratégia podniková 
610 2 0 |a spoločnosti 
610 2 0 |a stratégia obchodná 
610 2 0 |a štúdie prípadové 
610 2 0 |a morálka 
610 2 0 |a manažment strategický 
610 2 0 |a manažéri 
100 1 |a Bower, Joseph L.